Biggest Inland Cities in The World Quiz - Statistics

General Stats
  • This quiz has been taken 328 times
    301 since last reset
  • The average score is 29 of 44
Answer Stats
Population Country City % Correct
17.2 mil. Russia Moscow
96%
29.5 mil. India Delhi
95%
11.4 mil. France Paris
94%
22.8 mil. Mexico Mexico City
91%
4.75 mil. Germany Berlin
88%
15.0 mil. Iran Tehran
87%
20.4 mil. China Beijing
86%
13.7 mil. South Africa Johannesburg
86%
12.0 mil. D.R. Congo Kinshasa
86%
6.45 mil. Spain Madrid
86%
14.7 mil. United Kingdom London
85%
9.80 mil. Colombia Bogota
84%
20.5 mil. Egypt Cairo
84%
7.10 mil. United States Dallas
84%
8.85 mil. China Wuhan
80%
12.6 mil. Pakistan Lahore
79%
6.80 mil. China Xi'an
78%
11.8 mil. India Bangalore
75%
7.75 mil. Saudi Arabia Riyadh
75%
4.97 mil. Turkey Ankara
74%
6.85 mil. Iraq Baghdad
74%
9.80 mil. India Chengdu
74%
9.85 mil. India Hyderabad
73%
8.05 mil. China Chongqing
71%
5.20 mil. Italy Milan
70%
6.15 mil. Sudan Khartoum
65%
5.95 mil. Kenya Nairobi
64%
19.5 mil. Bangladesh Dhaka
62%
5.25 mil. Mexico Guadalajara
61%
5.80 mil. United States Atlanta
58%
16.6 mil. India Kolkata
55%
4.92 mil. Mexico Monterrey
53%
6.70 mil. China Nanjing
53%
5.15 mil. China Harbin
52%
6.70 mil. India Pune
51%
4.97 mil. Brazil Belo Horizonte
46%
7.20 mil. Chile Santiago
43%
5.45 mil. Jordan Amman
42%
7.90 mil. China Shenyang
42%
5.35 mil. China Zhengzhou
36%
5.00 mil. Germany Cologne/Düsseldorf
31%
4.82 mil. China Hefei
27%
5.50 mil. Myanmar Yangon
23%
6.85 mil. Indonesia Bandung
20%
No matching quizzes found
Score Distribution
Percent of People with Each Score
Percentile by Number Answered
Your Score History
You have not taken this quiz since the last reset